Statistics for VTA Light Rail Stations (San Jose)

Click here to take the quiz!

General Stats

  • This quiz has been taken 6 times
  • The average score is 42 of 59

Answer Stats

Answer% Correct
Alder
100%
Alum Rock
100%
Baypointe
100%
Bayshore/NASA
100%
Champion
100%
Convention Center
100%
Gish
100%
Great America
100%
Great Mall
100%
Japantown/Ayer
100%
McKee
100%
Metro/Airport
100%
Mountain View
100%
Old Ironsides
100%
Paseo de San Antonio
100%
Race
100%
San Jose Diridon
100%
Santa Clara
100%
Santa Teresa
100%
St. James
100%
Tamien
100%
Tasman
100%
Winchester
100%
Blossom Hill
75%
Bonaventura
75%
Branham
75%
Children's Discovery Museum
75%
Cisco Way
75%
Civic Center
75%
Component
75%
Downtown Campbell
75%
Hostetter
75%
Karina
75%
Lockheed Martin
75%
Milpitas
75%
Moffett Park
75%
Ohlone/Chynoweth
75%
Orchard
75%
River Oaks
75%
Virginia
75%
Bascom
50%
Berryessa
50%
Cottle
50%
Cropley
50%
Lick Mill
50%
Middlefield
50%
San Fernando
50%
Snell
50%
Vienna
50%
Capitol
25%
Curtner
25%
Fair Oaks
25%
Fruitdale
25%
Hamilton
25%
Penitencia Creek
25%
Reamwood
25%
Whisman
25%
Borregas
0%
Crossman
0%

Score Distribution

Percentile by Number Answered

Percent of People with Each Score

Your Score History

You have not taken this quiz